|
|
|
|
| LEADER |
00762nab#a2200313#ar4500 |
| 001 |
000042813 |
| 003 |
SVKKK |
| 005 |
00000000000000.0 |
| 008 |
c1998 e sloo |
| FMT |
|
|
|
| 038 |
|
|
|a SVKKK
|
| 040 |
|
|
|a SVKKK
|b slo
|e AACR2
|
| 041 |
0 |
|
|a slo
|
| 080 |
|
|
|a 323.
|2 1981
|
| 080 |
|
|
|a 68
|2 1981
|
| 100 |
1 |
|
|a Chudá, Renáta
|4 aut
|
| 245 |
1 |
0 |
|a Štrajk vo Weste trval osem hodín
|c Chudá Renáta,
|
| 260 |
|
|
|c 1998
|
| 650 |
0 |
4 |
|a nespokojnosť
|z Prešov
|
| 650 |
0 |
4 |
|a odevy pracovné
|z West Konfex, Prešov
|
| 650 |
0 |
4 |
|a podmienky pracovné
|
| 650 |
0 |
4 |
|a štrajky
|
| 773 |
0 |
|
|t Korzár
|g Roč. 1, č. 101(1998), dát. 0612, s. 2
|
| 957 |
|
|
|a Prešov
|
| 974 |
|
|
|a Cr
|
| 992 |
|
|
|a RBX
|
| BAS |
|
|
|
| 852 |
|
|
|a SVKKK
|b BIB
|
| 998 |
|
|
|a REG
|